000 00725nam a22001937a 4500
999 _c7028
_d7028
003 CISL
005 20260112022815.0
008 260112t2023 bg |||g |||| 000 f|ben|d
020 _a9789849773368
040 _cCISL
082 _222
_a891.44371
_bCSD
100 _aচট্টোপাধ্যায়, শরৎচন্দ্র
_4Sarat Chandra Chattopadhyay
245 _aদেনা-পাওনা /
_cশরৎচন্দ্র চট্টোপাধ্যায়
260 _aঢাকা:
_bশব্দশিল্প,
_c[c2023]
300 _a১৪৩ পৃ.
_b২১.০৫ সে.মি.
650 _xBengali literature
_xNovel
_zBangladesh
650 _xJuvenile Literature
942 _2ddc
_cBK